<?xml version="1.0" encoding="UTF-8"?>
<collection xmlns="http://www.loc.gov/MARC21/slim">
 <record>
  <leader>00897nam a2200217 a 4500</leader>
  <controlfield tag="001">14335876</controlfield>
  <controlfield tag="008">100204s2005    bg af         000 0deng d</controlfield>
  <datafield tag="010" ind1=" " ind2=" ">
   <subfield code="a">\\2006345917</subfield>
  </datafield>
  <datafield tag="020" ind1=" " ind2=" ">
   <subfield code="a">9840801988</subfield>
  </datafield>
  <datafield tag="040" ind1=" " ind2=" ">
   <subfield code="a">DLC</subfield>
   <subfield code="c">DLC</subfield>
   <subfield code="d">BD-DhAAL</subfield>
  </datafield>
  <datafield tag="082" ind1="0" ind2="0">
   <subfield code="a">954.9/205</subfield>
   <subfield code="2">22</subfield>
  </datafield>
  <datafield tag="100" ind1="1" ind2=" ">
   <subfield code="a">Masud, Chowdhury A. T. M.,</subfield>
   <subfield code="d">1924-</subfield>
  </datafield>
  <datafield tag="245" ind1="1" ind2="0">
   <subfield code="a">Reminiscence of few decades and problems of democracy in Bangladesh /</subfield>
   <subfield code="c">Chowdhury A.T.M. Masud.</subfield>
  </datafield>
  <datafield tag="260" ind1=" " ind2=" ">
   <subfield code="a">Dhaka :</subfield>
   <subfield code="b">Academic Press and Publishers Library,</subfield>
   <subfield code="c">2005.</subfield>
  </datafield>
  <datafield tag="300" ind1=" " ind2=" ">
   <subfield code="a">xviii, 158 p., [24] p. of plates :</subfield>
   <subfield code="b">ill. (some col.) ;</subfield>
   <subfield code="c">23 cm.</subfield>
  </datafield>
  <datafield tag="541" ind1="1" ind2=" ">
   <subfield code="e">00013935</subfield>
  </datafield>
  <datafield tag="651" ind1=" " ind2="0">
   <subfield code="a">Bangladesh</subfield>
   <subfield code="x">Politics and government.</subfield>
  </datafield>
  <datafield tag="650" ind1=" " ind2="0">
   <subfield code="a">Elections</subfield>
   <subfield code="z">Bangladesh</subfield>
   <subfield code="x">History.</subfield>
  </datafield>
  <datafield tag="852" ind1="4" ind2=" ">
   <subfield code="a">Ayesha Abed Library</subfield>
   <subfield code="j">General Shelf</subfield>
  </datafield>
  <datafield tag="999" ind1=" " ind2=" ">
   <subfield code="c">7345</subfield>
   <subfield code="d">7345</subfield>
  </datafield>
  <datafield tag="952" ind1=" " ind2=" ">
   <subfield code="0">0</subfield>
   <subfield code="1">0</subfield>
   <subfield code="2">ddc</subfield>
   <subfield code="4">0</subfield>
   <subfield code="6">954_920500000000000_MAS_2005</subfield>
   <subfield code="7">0</subfield>
   <subfield code="9">7820</subfield>
   <subfield code="a">BRACUL</subfield>
   <subfield code="b">BRACUL</subfield>
   <subfield code="c">GEN</subfield>
   <subfield code="d">2010-02-04</subfield>
   <subfield code="l">0</subfield>
   <subfield code="o">954.9205 MAS</subfield>
   <subfield code="p">3010013935</subfield>
   <subfield code="r">2010-02-04</subfield>
   <subfield code="t">1</subfield>
   <subfield code="w">2010-02-04</subfield>
   <subfield code="y">BK</subfield>
  </datafield>
 </record>
</collection>
